• 首页
  • 本馆介绍
  • 公告通知
  • 最新文献
  • 馆藏检索
  • 电子资源
  • 读者导购
  • 参考咨询
  • 我的图书馆
  • 登录
  • 详细信息显示
  • 放入我的书架
  • 预约/预借图书
  • 作者相关作品
  • 分类相关作品
  • 丛书相关作品
  • 出版社相关作品

书目信息

  • 表格格式
  • 工作单格式
  • 卡片格式
题名:
资本主义前的各社会经济形态
    
 
作者: 徐禾 编
分册:  
出版信息: 北京   人民出版社  1980.05
页数: 123页
开本: 19cm
丛书名:
单 册:
中图分类: F021
科图分类:
主题词: 原始--生产方式
电子资源:
ISBN:
000 00570nam0 2200205 45
001 0309081076
005 20041228162944.9
010    @dCNY0.29
091    @a4001.368
100    @a20030908d1980 km y0chiy0120 ea
101 0  @achi
105    @a z 000yy
200 1  @a资本主义前的各社会经济形态@AZi Ben Zhu Yi Qian De Ge She Hui Jing Ji Xing Tai@f徐禾等编@FXu He Deng Bian
210    @a北京@c人民出版社@d1980.05
215    @a123页@d19cm
606 0  @a原始@x生产方式
690    @aF021@v3
701  0 @a徐禾@4编
801    @aCN@bTSTC@c20030908
905    @dF021@e5@f1@b30614
    
    资本主义前的各社会经济形态/徐禾等编.-北京:人民出版社,1980.05
    123页;19cm
    
    
    ISBN :CNY0.29
    
●
相关链接 在E读中查询图书 在五车中查询图书 在当当中查询图书 在豆瓣中查询图书


正题名:资本主义前的各社会经济形态     索取号:F021/5         预约/预借

序号 登录号 条形码 馆藏地/架位号 状态 备注
1 0030610   001270706   密集书库/ [索取号:F021/5] 在馆    
2 0030611   001813443   密集书库/ [索取号:F021/5] 在馆    
3 0030612   001270680   密集书库/ [索取号:F021/5] 在馆    
4 0030613   001271590   第一借阅区/ [索取号:F021/5] 在馆    
5 0030614   001270699   密集书库/ [索取号:F021/5] 在馆    
6 0111711   001271705   密集书库/ [索取号:F021/5] 在馆    
7 0111712   001271661   密集书库/ [索取号:F021/5] 在馆    
8 0111713   001271634   密集书库/ [索取号:F021/5] 在馆    
9 0111714   001271607   密集书库/ [索取号:F021/5] 在馆    
10 0111715   001271563   第一样本阅览室/ [索取号:F021/5] 在馆    
唐山师范学院图书馆 欢迎您!
大连网信软件有限公司© 版权所有